000 00483nam a2200181Ia 4500
005 20250326141224.0
008 250326s9999 xx 000 0 und d
037 _aTextbook
040 _aFMSL
_beng
_cFMSL
041 _aeng
_2eng
084 _qFMSL
100 _aHartle F
_9743973
245 0 _aHow to re engineer your performance management process
_cHartle F
260 _aLondon
_bLondon, Kogan Page
_c1995
300 _a245p
942 _cTB
999 _c1289293
_d1289293